000 00274nam a22001217a 4500
005 20230721162218.0
008 230721b ||||| |||| 00| 0 eng d
040 _cL
041 _aeng
245 _aStudy on the psychosocial problems
260 _c2003
942 _2ddc
_cBK
999 _c228058
_d228058